[Event "I Festival Capo d'Orso"]
[Site "Portomannu - Palau ITA"]
[Date "2007.05.22"]
[Round "4"]
[White "Potyavin, Igor"]
[Black "Brugo, Marco"]
[Result "1-0"]
[WhiteElo "2046"]
[BlackElo "2125"]
[PlyCount "137"]
[EventDate "2007.05.19"]

1. d4 d5 2. c4 e6 3. Nc3 c6 4. cxd5 exd5 5. Bf4 Bd6 6. Bxd6 Qxd6 7. e3 Bf5 8.
Bd3 Bxd3 9. Qxd3 Ne7 10. Nf3 Nd7 11. O-O O-O 12. Rab1 h6 13. b4 b5 14. a4 bxa4
15. Nxa4 Rfb8 16. Nc5 Rb5 17. Nxd7 Qxd7 18. Ne5 Qb7 19. Qd2 a5 20. Nd3 Rb8 21.
Rb2 Nc8 22. Rfb1 a4 23. Nc5 Qa7 24. Ra2 Nb6 25. Qc1 Qe7 26. Qc3 Ra8 27. h3 g6
28. Rba1 Qd6 29. Ra3 Kh7 30. g3 Kg8 31. Nxa4 Qxb4 32. Qxb4 Rxb4 33. Nxb6 Rxa3
34. Rxa3 Rxb6 35. Kg2 Kg7 36. Kf3 Kf6 37. h4 h5 38. Kf4 Rb2 39. f3 Rb6 40. Rc3
Ra6 41. Rc5 Rb6 42. g4 Ra6 43. gxh5 gxh5 44. Rc1 Rb6 45. Rg1 Rb8 46. Rg5 Rh8
47. e4 dxe4 48. fxe4 Ke6 49. Ra5 Rd8 50. Re5+ Kf6 51. Ke3 Kg6 52. Rg5+ Kh6 53.
Rf5 Kg6 54. Rc5 Rd6 55. e5 Re6 56. Ke4 f6 57. Rc1 fxe5 58. dxe5 Kf7 59. Kf5 Rg6
60. Rc4 Re6 61. Ra4 c5 62. Ra7+ Re7 63. e6+ Kf8 64. Ra5 Rc7 65. Kf6 Rc8 66. Rb5
Ke8 67. Rb7 c4 68. Rh7 Kd8 69. Rh8+ 1-0

[Event "I Festival Capo d'Orso"]
[Site "Portomannu - Palau ITA"]
[Date "2007.05.22"]
[Round "4"]
[White "Puzzoni, Christian"]
[Black "Burlando, Alessandro"]
[Result "1-0"]
[WhiteElo "2113"]
[BlackElo "2115"]
[PlyCount "56"]
[EventDate "2007.05.19"]

1. e4 e6 2. Nf3 d5 3. e5 c5 4. b4 cxb4 5. d4 Ne7 6. Bg5 Nbc6 7. a3 Qa5 8. Bd3
Nf5 9. O-O h6 10. Be3 Be7 11. Nbd2 bxa3 12. c4 dxc4 13. Nxc4 Qd8 14. Nxa3 O-O
15. Bxf5 exf5 16. d5 Nxe5 17. Nxe5 Bf6 18. f4 Re8 19. Nac4 g5 20. Qh5 Bxe5 21.
Nxe5 Qxd5 22. Qxh6 gxf4 23. Qg5+ Kf8 24. Rad1 Qxe5 25. Bd4 Qe3+ 26. Bxe3 fxe3
27. Qh6+ Kg8 28. Rf3 f4 1-0

[Event "I Festival Capo d'Orso"]
[Site "Portomannu - Palau ITA"]
[Date "2007.05.22"]
[Round "4"]
[White "Radice, Luca"]
[Black "Popa, Claudiu"]
[Result "0-1"]
[WhiteElo "2070"]
[BlackElo "2167"]
[PlyCount "46"]
[EventDate "2007.05.19"]

1. d4 d5 2. c4 dxc4 3. e3 Nf6 4. Bxc4 e6 5. Nf3 a6 6. O-O c5 7. Nc3 b5 8. Bb3
Bb7 9. Qe2 Nbd7 10. Rd1 Qc7 11. e4 cxd4 12. Nxd4 b4 13. Nd5 exd5 14. exd5+ Qe5
15. Qf1 Be7 16. Nc6 Bxc6 17. dxc6 Nc5 18. Re1 Qc7 19. Qe2 O-O 20. Bf4 Qxf4 21.
Qxe7 Nfe4 22. f3 Rfe8 23. Rxe4 Nxe4 0-1

[Event "I Festival Capo d'Orso"]
[Site "Portomannu - Palau ITA"]
[Date "2007.05.22"]
[Round "4"]
[White "Rombaldoni, Denis"]
[Black "Efimov, Igor"]
[Result "1/2-1/2"]
[WhiteElo "2368"]
[BlackElo "2433"]
[PlyCount "56"]
[EventDate "2007.05.19"]

1. d4 Nf6 2. Nf3 d5 3. c4 c6 4. Nc3 dxc4 5. a4 Bf5 6. Ne5 Nbd7 7. Nxc4 Nd5 8.
g3 e5 9. Bg2 exd4 10. Qxd4 Qf6 11. Qxf6 N7xf6 12. Nxd5 cxd5 13. Ne3 Be6 14. O-O
O-O-O 15. Rd1 Bd6 16. Nxd5 Bxd5 17. Bxd5 Bxg3 18. hxg3 Rxd5 19. Bf4 Rxd1+ 20.
Rxd1 Re8 21. Kf1 Re4 22. a5 Ra4 23. Rc1+ Kd7 24. Rc7+ Ke6 25. Rxb7 Rxa5 26. Be3
a6 27. Bd4 Rb5 28. Ra7 Ra5 1/2-1/2

[Event "I Festival Capo d'Orso"]
[Site "Portomannu - Palau ITA"]
[Date "2007.05.22"]
[Round "4"]
[White "Rowson, Jonathan"]
[Black "Ortega, Lexy"]
[Result "0-1"]
[WhiteElo "2594"]
[BlackElo "2425"]
[PlyCount "142"]
[EventDate "2007.05.19"]

1. d4 d5 2. c4 c6 3. Nf3 Nf6 4. Nc3 e6 5. Bg5 Nbd7 6. e3 Qa5 7. cxd5 Nxd5 8.
Qd2 Bb4 9. Rc1 h6 10. Bh4 c5 11. a3 Bxc3 12. bxc3 b6 13. Bd3 Ba6 14. O-O cxd4
15. Bxa6 Qxa6 16. cxd4 O-O 17. e4 N5f6 18. Qe3 Rfc8 19. Nd2 Rxc1 20. Rxc1 Rc8
21. Rxc8+ Qxc8 22. f3 Qc2 23. Nf1 a5 24. d5 exd5 25. e5 Qc4 26. Bxf6 gxf6 27.
e6 fxe6 28. Qxe6+ Kf8 29. Ne3 Qd4 30. Kf1 Nc5 31. Qc8+ Kf7 32. Nf5 Qc4+ 33. Kf2
Nd3+ 34. Ke3 Qxc8 35. Nd6+ Ke6 36. Nxc8 Ne1 37. Kf2 Nc2 38. a4 b5 39. axb5 a4
40. b6 Nb4 41. b7 Na6 42. Na7 Kd7 43. Nb5 Kc6 44. Nd4+ Kxb7 45. Ke3 a3 46. Kd2
a2 47. Nb3 Kb6 48. Kc3 Nc5 49. Na1 Kb5 50. Nc2 Ne6 51. Kb3 d4 52. Kxa2 Kc4 53.
Na3+ Kd3 54. Kb3 Ke2 55. Kc4 d3 56. Nb1 d2 57. Nxd2 Kxd2 58. Kd5 Nf4+ 59. Ke4
Nxg2 60. Kf5 Ke3 61. Kxf6 Nf4 62. Kg7 h5 63. Kf6 Kxf3 64. Kg5 Ke4 65. Kf6 Kd4
66. Kf5 Ke3 67. Kg5 Kf3 68. Kh4 Ke4 69. Kg5 Ke5 70. h4 Ke4 71. Kf6 Ne2 0-1

[Event "I Festival Capo d'Orso"]
[Site "Portomannu - Palau ITA"]
[Date "2007.05.22"]
[Round "4"]
[White "Steingrimsson, Hedinn"]
[Black "Caruana, Fabiano"]
[Result "1-0"]
[WhiteElo "2482"]
[BlackElo "2513"]
[PlyCount "115"]
[EventDate "2007.05.19"]

1. d4 Nf6 2. c4 e6 3. Nf3 Nc6 4. a3 d6 5. Nc3 g6 6. e4 Bg7 7. h3 O-O 8. Bg5 h6
9. Be3 Re8 10. Bd3 Nd7 11. Be2 f5 12. d5 exd5 13. exf5 d4 14. Nxd4 Nc5 15. O-O
gxf5 16. Bh5 Rf8 17. f4 Kh7 18. Rb1 Bd7 19. b4 Ne6 20. Nxe6 Bxe6 21. Nd5 Qd7
22. Re1 Bf7 23. Bf3 Rae8 24. Qd3 Kh8 25. Kh2 Bg6 26. Bf2 Nd8 27. Bd4 Rxe1 28.
Rxe1 Ne6 29. Be3 Qf7 30. g3 c6 31. Nc3 a5 32. Ne2 axb4 33. axb4 Qf6 34. Ba7 Rd8
35. Rd1 Bf7 36. Bb6 Rd7 37. Qe3 Qb2 38. b5 cxb5 39. c5 d5 40. Rd2 Qb4 41. Rxd5
Re7 42. Rxf5 Bg8 43. Rh5 Qb2 44. f5 Nf4 45. Qxe7 Nxh5 46. Bc7 Kh7 47. Bxb7 Bc4
48. Bf3 Nf6 49. Qe3 b4 50. c6 b3 51. Ba5 Qc2 52. c7 Ba6 53. Qe6 Qd3 54. Bc3 Bc4
55. Qc6 Ba6 56. Kg2 b2 57. Bxb2 Ng4 58. Qg6+ 1-0

[Event "I Festival Capo d'Orso"]
[Site "Portomannu - Palau ITA"]
[Date "2007.05.22"]
[Round "4"]
[White "Valenti, Giuseppe"]
[Black "Garofalo, Sergio"]
[Result "1-0"]
[WhiteElo "2228"]
[BlackElo "1812"]
[PlyCount "101"]
[EventDate "2007.05.19"]

1. e4 e5 2. Nf3 Nc6 3. Bb5 Bc5 4. O-O Qf6 5. c3 Nge7 6. b4 Bb6 7. a4 a6 8. Bc4
d6 9. d3 h6 10. Be3 O-O 11. Nbd2 Bd7 12. h3 Ng6 13. Kh2 Nf4 14. Ng1 g5 15. g3
Ng6 16. Qh5 Kg7 17. Bd5 Qe7 18. Bxb6 cxb6 19. Nc4 b5 20. axb5 axb5 21. Rxa8
Rxa8 22. Ne3 Ra3 23. Ne2 Qe8 24. Nf5+ Bxf5 25. exf5 Nce7 26. Be4 d5 27. fxg6
dxe4 28. gxf7 Qxf7 29. Qxf7+ Kxf7 30. dxe4 Ra2 31. Re1 Rc2 32. Kg2 Nc8 33. Kf3
Nb6 34. Rd1 Ke7 35. Rd3 Nc4 36. g4 Nd2+ 37. Kg2 Nxe4 38. Re3 Nf6 39. Nd4 Rc1
40. Rxe5+ Kd7 41. Nxb5 Rd1 42. Nd4 Rd3 43. Re3 Rd1 44. Re6 Nd5 45. Rxh6 Nf4+
46. Kf3 Rd3+ 47. Ke4 Rxc3 48. h4 Rc4 49. hxg5 Rxb4 50. Kxf4 Rxd4+ 51. Kg3 1-0

[Event "I Festival Capo d'Orso"]
[Site "Portomannu - Palau ITA"]
[Date "2007.05.22"]
[Round "4"]
[White "Venturino, Marco"]
[Black "Agrifoglio, Fabio"]
[Result "1/2-1/2"]
[WhiteElo "2173"]
[BlackElo "2000"]
[PlyCount "94"]
[EventDate "2007.05.19"]

1. d4 d5 2. c4 e6 3. Nf3 Nf6 4. g3 c6 5. Nbd2 Nbd7 6. Bg2 Be7 7. O-O b6 8. Qc2
Ba6 9. b3 Rc8 10. e4 dxc4 11. bxc4 O-O 12. e5 Ne8 13. Re1 f5 14. exf6 Rxf6 15.
Ne4 Rg6 16. h4 Ndf6 17. Neg5 Nc7 18. Ne5 Bb4 19. Rd1 Qd6 20. Bf4 Rxg5 21. Nxc6
Qxf4 22. gxf4 Rxg2+ 23. Kxg2 Bb7 24. d5 Nfxd5 25. cxd5 Nxd5 26. Rxd5 Bxc6 27.
Kg1 exd5 28. Qf5 Re8 29. h5 h6 30. Qg6 Bd7 31. f5 Rf8 32. Qg4 Bc5 33. Re1 Bxf5
34. Qg3 Be4 35. Re2 a5 36. Qe5 a4 37. Kf1 a3 38. f4 Kh8 39. Rxe4 dxe4 40. Qxe4
Bd6 41. f5 Bc5 42. Ke2 Rf6 43. Qd5 Kh7 44. Kf3 Rd6 45. Qe4 Rf6 46. Qd5 Bf8 47.
Ke4 Rd6 1/2-1/2

[Event "I Festival Capo d'Orso"]
[Site "Portomannu - Palau ITA"]
[Date "2007.05.22"]
[Round "4"]
[White "Zoldan, Matteo"]
[Black "Cocchi, Andrea"]
[Result "1/2-1/2"]
[WhiteElo "2121"]
[BlackElo "2321"]
[PlyCount "80"]
[EventDate "2007.05.19"]

1. e4 e5 2. Nc3 Nf6 3. Bc4 Nc6 4. d3 Na5 5. Qf3 d6 6. Nge2 Bg4 7. Qe3 Be7 8.
Bb3 O-O 9. O-O c6 10. Qg3 b5 11. h3 Bh5 12. Re1 Re8 13. Bh6 Bg6 14. Bd2 b4 15.
Nd1 Nh5 16. Qe3 d5 17. exd5 cxd5 18. Qxe5 Nxb3 19. axb3 Bd6 20. Qd4 Qc7 21. Ne3
Be5 22. Qxb4 Bxb2 23. Ra2 Be5 24. Nxd5 Qd7 25. Ne3 Rac8 26. Qa4 Qd8 27. Qxa7
Bb8 28. Qa5 Qd6 29. Nf1 Re5 30. Qa4 Rec5 31. Rc1 Qe6 32. Be3 Rd5 33. Qg4 f5 34.
Qa4 Qe5 35. f4 Qe7 36. Re1 Bc7 37. Bf2 Ra5 38. Nc3 Rxa4 39. Rxe7 Rxa2 40. Nxa2
Nxf4 1/2-1/2

[Event "I Festival Capo d'Orso"]
[Site "Portomannu - Palau ITA"]
[Date "2007.05.23"]
[Round "5"]
[White "Agrifoglio, Fabio"]
[Black "Godena, Michele"]
[Result "0-1"]
[WhiteElo "2000"]
[BlackElo "2558"]
[PlyCount "84"]
[EventDate "2007.05.19"]

1. e4 e5 2. Nf3 Nc6 3. Bc4 Nf6 4. d3 h6 5. c3 g6 6. O-O Bg7 7. Re1 O-O 8. b4 a6
9. a4 d6 10. Qb3 Nh5 11. Be3 g5 12. Kh1 Nf4 13. Bxf4 exf4 14. d4 g4 15. Ng1 Qg5
16. Ra2 Bd7 17. Nd2 Rae8 18. e5 dxe5 19. d5 Ne7 20. Ne4 Qg6 21. f3 Nf5 22. fxg4
Ne3 23. Rxe3 fxe3 24. Bd3 Bxg4 25. Qb1 f5 26. Nc5 e4 27. Bc4 f4 28. d6+ Kh8 29.
d7 Re7 30. Nf3 Bxd7 31. Nd4 Bxd4 32. cxd4 Bf5 33. Qe1 Rg7 34. b5 axb5 35. axb5
f3 36. Qxe3 fxg2+ 37. Kg1 b6 38. d5 bxc5 39. Ra6 Bh3 40. Qxh3 Rf1+ 41. Bxf1
gxf1=Q+ 42. Kxf1 Qg1+ 0-1

[Event "I Festival Capo d'Orso"]
[Site "Portomannu - Palau ITA"]
[Date "2007.05.23"]
[Round "5"]
[White "Biedekoepper, Robert"]
[Black "Scotta, Piergiorgio"]
[Result "1-0"]
[WhiteElo "2152"]
[BlackElo "1613"]
[PlyCount "82"]
[EventDate "2007.05.19"]

1. c4 c5 2. Nc3 Nc6 3. Nf3 d6 4. d4 cxd4 5. Nxd4 Nf6 6. e4 e5 7. Nc2 Be7 8. Be2
O-O 9. Be3 Re8 10. O-O Bf8 11. f3 h6 12. Qd2 Qe7 13. Rfd1 Rd8 14. b4 b6 15. a4
Be6 16. Nd5 Bxd5 17. cxd5 Nb8 18. Bb5 Nbd7 19. a5 Rab8 20. Qd3 Rdc8 21. Ra2
bxa5 22. Rxa5 Nb6 23. Rda1 Rc7 24. Na3 Nh5 25. g3 Qf6 26. Bf2 Qg6 27. Bc6 Nf4
28. Qf1 f5 29. exf5 Qg5 30. h4 Qxf5 31. gxf4 Qxf4 32. Nb5 Rf7 33. Rxa7 Rf6 34.
Qg2 Nc4 35. Qg4 Qxf3 36. Qxf3 Rxf3 37. Ra8 Rxa8 38. Rxa8 Rb3 39. Nc7 Nd2 40.
Ne6 Rf3 41. b5 Nc4 1-0

[Event "I Festival Capo d'Orso"]
[Site "Portomannu - Palau ITA"]
[Date "2007.05.23"]
[Round "5"]
[White "Bieg Pagel, Clemens"]
[Black "Mogranzini, Roberto"]
[Result "0-1"]
[WhiteElo "2011"]
[BlackElo "2421"]
[PlyCount "78"]
[EventDate "2007.05.19"]

1. e4 c5 2. Nf3 e6 3. d4 cxd4 4. Nxd4 a6 5. c4 Nf6 6. Nc3 Qc7 7. Bd3 d6 8. O-O
g6 9. Bg5 Bg7 10. Qf3 Nbd7 11. Rfe1 Ne5 12. Qe2 O-O 13. Nf3 Nxf3+ 14. Qxf3 Nd7
15. Qg3 b6 16. Rad1 Re8 17. Bf1 Bf8 18. Qh4 Bb7 19. Re3 f5 20. Rh3 Ne5 21. Bf6
Qf7 22. exf5 exf5 23. c5 b5 24. cxd6 Nd7 25. Bg5 Rac8 26. Rd4 Re1 27. a4 bxa4
28. Rb4 Bc6 29. f3 Bxd6 30. Qxe1 Bxb4 31. Qh4 Bc5+ 32. Kh1 Nb6 33. Bxa6 Re8 34.
Bd2 Re7 35. Qg3 Qe6 36. Ne2 Qd6 37. Qxd6 Bxd6 38. Nc3 Bf4 39. Nb1 Rd7 0-1

[Event "I Festival Capo d'Orso"]
[Site "Portomannu - Palau ITA"]
[Date "2007.05.23"]
[Round "5"]
[White "Bitti, Sandro"]
[Black "Aagaard, Jacob"]
[Result "0-1"]
[WhiteElo "1719"]
[BlackElo "2477"]
[PlyCount "64"]
[EventDate "2007.05.19"]

1. d4 Nf6 2. c4 e6 3. Bg5 h6 4. Bh4 b6 5. a3 Bb7 6. Nc3 Be7 7. f3 c5 8. e4 Nxe4
9. Bxe7 Nxc3 10. Bxd8 Nxd1 11. Rxd1 Kxd8 12. Ne2 Ke7 13. Nc3 cxd4 14. Rxd4 Nc6
15. Rd2 Rhd8 16. Be2 Rac8 17. O-O Ne5 18. Nb5 Nxc4 19. Bxc4 Rxc4 20. Nxa7 Ba6
21. Rfd1 Rc7 22. Rd6 Rxa7 23. Rxb6 Bc4 24. Rb4 Bd5 25. Rc1 Rb7 26. Rxb7 Bxb7
27. b4 Rc8 28. Ra1 Rc2 29. Rb1 Ra2 30. Rb3 Bd5 31. Rc3 Rb2 32. Kf1 Rb3 0-1

[Event "I Festival Capo d'Orso"]
[Site "Portomannu - Palau ITA"]
[Date "2007.05.23"]
[Round "5"]
[White "Chiarotto, Filippo"]
[Black "Grooten, Herman"]
[Result "1/2-1/2"]
[WhiteElo "2056"]
[BlackElo "2392"]
[PlyCount "99"]
[EventDate "2007.05.19"]

1. e4 c6 2. d4 d5 3. e5 Bf5 4. h4 h5 5. Ne2 e6 6. Ng3 Bg6 7. Be2 c5 8. dxc5
Bxc5 9. Bxh5 Qb6 10. O-O Qb4 11. Bg5 Qxb2 12. Bxg6 Qxa1 13. Bxf7+ Kxf7 14. Qf3+
Ke8 15. Nc3 Qb2 16. Rb1 Qxb1+ 17. Nxb1 Nc6 18. Nh5 g6 19. Ng7+ Kd7 20. Qf7+
Nge7 21. Qxe6+ Kc7 22. Nc3 Raf8 23. Bf6 Kb8 24. Nxd5 Nd4 25. Qd7 Nec6 26. Ne6
Nxe6 27. Qxe6 Rh7 28. c3 a5 29. g3 Ka7 30. Kg2 Rhf7 31. Nf4 Ne7 32. Bxe7 Rxe7
33. Qd5 Bb6 34. Nxg6 Rxf2+ 35. Kh3 Rc7 36. e6 Rxc3 37. e7 Re2 38. Ne5 Ree3 39.
Kg4 Rxg3+ 40. Kf5 Rc8 41. Qd7 Rgg8 42. h5 Be3 43. Nc6+ Rxc6 44. e8=Q Rxe8 45.
Qxe8 Bh6 46. a4 Bc1 47. Qe1 Kb6 48. Qg1+ Ka6 49. Qf1+ Ka7 50. Qg1+ 1/2-1/2

[Event "I Festival Capo d'Orso"]
[Site "Portomannu - Palau ITA"]
[Date "2007.05.23"]
[Round "5"]
[White "Cossu, Andrea"]
[Black "Dehmel, Jens"]
[Result "0-1"]
[WhiteElo "1564"]
[BlackElo "2107"]
[PlyCount "140"]
[EventDate "2007.05.19"]

1. e4 e5 2. Nf3 Nc6 3. Bc4 Bc5 4. O-O Nf6 5. d3 d6 6. h3 Be6 7. Nbd2 Qd7 8. Ng5
Bxc4 9. Nxc4 h6 10. Nf3 O-O 11. Be3 Bxe3 12. Nxe3 d5 13. exd5 Nxd5 14. Qe2 Rfe8
15. Nxd5 Qxd5 16. Qe4 Rad8 17. Qxd5 Rxd5 18. a3 Red8 19. Rfe1 f6 20. g3 Kf7 21.
Kg2 Ne7 22. Re2 c5 23. Kf1 Nc6 24. Ke1 a6 25. Rd2 f5 26. Rad1 Kf6 27. c3 g5 28.
Ke2 h5 29. b4 b5 30. Ne1 a5 31. Nc2 cxb4 32. axb4 axb4 33. cxb4 Nd4+ 34. Nxd4
Rxd4 35. Rb1 e4 36. Rb3 Ke5 37. f3 Rxd3 38. Rdxd3 exd3+ 39. Rxd3 Rd4 40. Rb3 f4
41. gxf4+ Kxf4 42. Rb1 Rc4 43. Rb3 Rc2+ 44. Kf1 Kg3 45. Rd3 Rf2+ 46. Kg1 Rxf3
47. Rd5 Kxh3 48. Rxb5 Kg4 49. Rc5 Rf4 50. b5 Rb4 51. Kh2 h4 52. Rd5 Kf4 53. Kh3
Rb3+ 54. Kh2 Rb2+ 55. Kg1 Kg4 56. Rd4+ Kh5 57. Rd5 h3 58. Rc5 Kh4 59. Rf5 g4
60. Rf4 Kg3 61. Rf1 Rxb5 62. Ra1 Rb3 63. Kh1 Kf3 64. Rf1+ Ke2 65. Ra1 g3 66.
Kg1 Rd3 67. Ra2+ Rd2 68. Rxd2+ Kxd2 69. Kh1 Ke2 70. Kg1 g2 0-1

[Event "I Festival Capo d'Orso"]
[Site "Portomannu - Palau ITA"]
[Date "2007.05.23"]
[Round "5"]
[White "Efimov, Igor"]
[Black "Niccoli, Paolo"]
[Result "1-0"]
[WhiteElo "2433"]
[BlackElo "1886"]
[PlyCount "33"]
[EventDate "2007.05.19"]

1. e4 e5 2. Nf3 Nf6 3. Nxe5 d6 4. Nf3 Nxe4 5. Nc3 Nf6 6. d4 d5 7. Ne5 Be7 8.
Qf3 Nc6 9. Bb5 Bd7 10. Bxc6 bxc6 11. O-O O-O 12. Bg5 c5 13. Bxf6 Bxf6 14. Qxd5
Be6 15. Qxc5 Qd6 16. Ne4 Bxe5 17. Nxd6 1-0

[Event "I Festival Capo d'Orso"]
[Site "Portomannu - Palau ITA"]
[Date "2007.05.23"]
[Round "5"]
[White "Franciosi, Fausto"]
[Black "Potyavin, Igor"]
[Result "0-1"]
[WhiteElo "1551"]
[BlackElo "2046"]
[PlyCount "70"]
[EventDate "2007.05.19"]

1. e4 c5 2. Nf3 Nc6 3. d4 cxd4 4. Nxd4 Nf6 5. Nc3 d6 6. Be3 e5 7. Nf3 Be7 8. h3
Be6 9. Ng5 O-O 10. Nxe6 fxe6 11. Bc4 Qd7 12. Qd2 Na5 13. Bb5 Qc7 14. g4 Nc4 15.
Bxc4 Qxc4 16. Qd3 Qc6 17. O-O-O g6 18. Rhg1 b5 19. a3 Rab8 20. Bg5 b4 21. axb4
Rxb4 22. Bxf6 Rxf6 23. Qd2 Qb6 24. Qe3 Rxb2 25. Qxb6 Rxb6 26. Rg2 Rf3 27. Rd3
Bg5+ 28. Kd1 Rxd3+ 29. cxd3 Rb2 30. Ne2 Rd2+ 31. Ke1 Rxd3 32. Rg3 Rxg3 33. fxg3
Kf7 34. h4 Bd8 35. Kd2 Bb6 0-1

[Event "I Festival Capo d'Orso"]
[Site "Portomannu - Palau ITA"]
[Date "2007.05.23"]
[Round "5"]
[White "Garofalo, Sergio"]
[Black "Rombaldoni, Denis"]
[Result "0-1"]
[WhiteElo "1812"]
[BlackElo "2368"]
[PlyCount "48"]
[EventDate "2007.05.19"]

1. d4 Nf6 2. Nf3 e6 3. b3 b5 4. a3 Bb7 5. Nbd2 c5 6. e3 b4 7. Bd3 cxd4 8. exd4
Nd5 9. O-O a5 10. Ne4 d6 11. Neg5 h6 12. Nxf7 Kxf7 13. c4 Nc3 14. Qc2 Qf6 15.
d5 e5 16. Bf5 g6 17. Be6+ Kg7 18. Be3 Na6 19. h4 Be7 20. Nh2 Bc8 21. Ng4 Qxh4
22. g3 Qh5 23. Bxc8 Rhxc8 24. Nxh6 Qf3 0-1

[Event "I Festival Capo d'Orso"]
[Site "Portomannu - Palau ITA"]
[Date "2007.05.23"]
[Round "5"]
[White "Gnetti, Paolo"]
[Black "Orlov, Andrey"]
[Result "0-1"]
[WhiteElo "1671"]
[BlackElo "2447"]
[PlyCount "40"]
[EventDate "2007.05.19"]

1. e4 c5 2. Nf3 Nc6 3. Bb5 e6 4. Bxc6 bxc6 5. e5 Ne7 6. O-O Ng6 7. c3 Ba6 8.
Re1 Bd3 9. Na3 f6 10. Qa4 fxe5 11. Nxe5 Nxe5 12. Rxe5 Be7 13. Re3 Bf5 14. d4
O-O 15. dxc5 Bxc5 16. Rf3 Qb6 17. Nc4 Bxf2+ 18. Rxf2 Qxf2+ 19. Kxf2 Bc2+ 20.
Ke2 Bxa4 0-1

[Event "I Festival Capo d'Orso"]
[Site "Portomannu - Palau ITA"]
[Date "2007.05.23"]
[Round "5"]
[White "Jones, Alessandro"]
[Black "Naumkin, Igor"]
[Result "0-1"]
[WhiteElo "1962"]
[BlackElo "2497"]
[PlyCount "50"]
[EventDate "2007.05.19"]

1. d4 e6 2. Nf3 f5 3. c4 Nf6 4. Nc3 Bb4 5. g3 Bxc3+ 6. bxc3 O-O 7. Bg2 d6 8.
O-O Qe8 9. Nd2 e5 10. e4 Nc6 11. d5 Ne7 12. Qe2 b6 13. a4 a5 14. exf5 Bxf5 15.
Ne4 Nxe4 16. Bxe4 Qg6 17. Re1 Rf6 18. f4 exf4 19. Bxf4 Raf8 20. Rab1 h6 21. Kh1
Qf7 22. Qd3 Ng6 23. Rf1 Ne5 24. Qe2 Bxe4+ 25. Qxe4 g5 0-1

[Event "I Festival Capo d'Orso"]
[Site "Portomannu - Palau ITA"]
[Date "2007.05.23"]
[Round "5"]
[White "Kekki, Petri"]
[Black "Panini, Luciano"]
[Result "1-0"]
[WhiteElo "2366"]
[BlackElo "1703"]
[PlyCount "47"]
[EventDate "2007.05.19"]

1. d4 g6 2. Nf3 Nf6 3. c4 Bg7 4. g3 O-O 5. Bg2 d6 6. O-O c6 7. Nc3 Qa5 8. e4
Qh5 9. Re1 Bh3 10. e5 Bxg2 11. Kxg2 dxe5 12. Rxe5 Qg4 13. Rxe7 Nbd7 14. Bg5 b6
15. Qd3 Rfd8 16. h3 Qh5 17. Ne4 h6 18. Rxd7 hxg5 19. Rxd8+ Rxd8 20. Nexg5 Nd7
21. Qe4 Bf6 22. h4 c5 23. d5 Bxb2 24. Qe7 1-0

[Event "I Festival Capo d'Orso"]
[Site "Portomannu - Palau ITA"]
[Date "2007.05.23"]
[Round "5"]
[White "Kosov, Igor"]
[Black "Puzzoni, Christian"]
[Result "0-1"]
[WhiteElo "1717"]
[BlackElo "2113"]
[PlyCount "56"]
[EventDate "2007.05.19"]

1. d4 d5 2. c4 e5 3. dxe5 d4 4. Nf3 Nc6 5. g3 Nge7 6. Bg2 Ng6 7. O-O Bg4 8. Qa4
Qd7 9. Rd1 O-O-O 10. Na3 Bxa3 11. bxa3 Qf5 12. Qb5 a6 13. Qb2 d3 14. Be3 dxe2
15. Rxd8+ Rxd8 16. Qxe2 Ngxe5 17. Nh4 Qf6 18. Qf1 g5 19. Bxc6 bxc6 20. Ng2 c5
21. Ne1 h5 22. Rb1 Qf5 23. Rc1 h4 24. Bxc5 Rd2 25. Be3 Rxa2 26. Qg2 c6 27. Bd4
h3 28. Qf1 Be2 0-1

[Event "I Festival Capo d'Orso"]
[Site "Portomannu - Palau ITA"]
[Date "2007.05.23"]
[Round "5"]
[White "Marani, Luca"]
[Black "Mazzariol, Oscar"]
[Result "0-1"]
[WhiteElo "1536"]
[BlackElo "2018"]
[PlyCount "86"]
[EventDate "2007.05.19"]

1. e4 c5 2. Nf3 e6 3. Nc3 Nc6 4. d4 cxd4 5. Nxd4 d6 6. Bb5 Bd7 7. O-O a6 8. Be2
Qc7 9. b3 Be7 10. Bb2 Nxd4 11. Qxd4 Bf6 12. Qd2 Rc8 13. Na4 Qxc2 14. Qxc2 Rxc2
15. Bxf6 Nxf6 16. Bf3 Bc6 17. Rfe1 b5 18. Rac1 Rxc1 19. Rxc1 Kd7 20. Nb6+ Kc7
21. Nd5+ Kb7 22. Nc3 Rc8 23. Rd1 b4 24. Ne2 Nxe4 25. Bxe4 Bxe4 26. Rxd6 Rc2 27.
Ng3 Kc7 28. Rd4 Rc1+ 29. Nf1 Bb1 30. g3 e5 31. Rd2 Be4 32. h4 Bf3 33. Rb2 Re1
34. Rc2+ Kb7 35. Rc4 a5 36. Rc5 Kb6 37. Rc2 Be2 38. Rxe2 Rxe2 39. Ne3 Rxa2 40.
Nc4+ Kb5 41. Nxe5 f6 42. Nf7 Rd2 43. Kf1 Rd7 0-1

[Event "I Festival Capo d'Orso"]
[Site "Portomannu - Palau ITA"]
[Date "2007.05.23"]
[Round "5"]
[White "Nickel, Arno"]
[Black "Pedroni, Marco"]
[Result "1/2-1/2"]
[WhiteElo "2101"]
[BlackElo "1530"]
[PlyCount "143"]
[EventDate "2007.05.19"]

1. Nf3 d5 2. b3 Nf6 3. Bb2 Bf5 4. e3 e6 5. Be2 Bd6 6. O-O Nbd7 7. c4 c6 8. d4
O-O 9. Nbd2 Ne4 10. Ne5 Nxd2 11. Qxd2 Nf6 12. f3 Qc7 13. g4 Bg6 14. h4 h6 15.
Nxg6 fxg6 16. Bd3 Bg3 17. Qg2 Bxh4 18. Bxg6 Nh7 19. Ba3 Be7 20. Bxe7 Qxe7 21.
f4 a5 22. a3 Rf6 23. Bd3 Raf8 24. Qc2 g5 25. Qd2 gxf4 26. Bxh7+ Kxh7 27. Rxf4
Rxf4 28. exf4 Qh4 29. Rf1 Qxg4+ 30. Qg2 Rxf4 31. Rxf4 Qxf4 32. Qc2+ Qf5 33. Qc3
b6 34. c5 Qg5+ 35. Kf2 b5 36. Kf1 Qf4+ 37. Kg2 Qg5+ 38. Kf1 Qf5+ 39. Kg2 Qg4+
40. Kf1 Kg6 41. Qxa5 h5 42. Qc3 h4 43. a4 bxa4 44. bxa4 h3 45. Qc2+ Kf6 46. a5
Qxd4 47. Qf2+ Qxf2+ 48. Kxf2 d4 49. a6 d3 50. a7 d2 51. Ke2 d1=Q+ 52. Kxd1 h2
53. a8=Q h1=Q+ 54. Kc2 Qd5 55. Qf8+ Ke5 56. Kc3 Ke4 57. Qd6 Kf5 58. Qf8+ Kg4
59. Qd6 Kf3 60. Qf8+ Ke2 61. Qd6 Qe4 62. Qh2+ Kf3 63. Qh1+ Kf4 64. Qh2+ Kg5 65.
Qg3+ Kf6 66. Qf2+ Qf5 67. Qg1 e5 68. Kc4 Qf4+ 69. Kc3 Kf5 70. Kd3 e4+ 71. Kc3
e3 72. Kd3 1/2-1/2

[Event "I Festival Capo d'Orso"]
[Site "Portomannu - Palau ITA"]
[Date "2007.05.23"]
[Round "5"]
[White "Ori, Marco"]
[Black "Cremonini, Stefano"]
[Result "1-0"]
[WhiteElo "2129"]
[BlackElo "1667"]
[PlyCount "71"]
[EventDate "2007.05.19"]

1. e4 g6 2. d4 Bg7 3. Nc3 d5 4. Nf3 dxe4 5. Nxe4 Bg4 6. c3 Nd7 7. Bc4 Ngf6 8.
Nxf6+ Nxf6 9. Bxf7+ Kxf7 10. Ne5+ Kf8 11. Nxg4 Qd7 12. Ne5 Qd5 13. O-O Rd8 14.
Qe2 Nd7 15. f4 Bxe5 16. fxe5+ Kg7 17. Qe3 Rhf8 18. Qh6+ Kg8 19. Bg5 Rxf1+ 20.
Rxf1 Re8 21. h4 Qe6 22. h5 Rf8 23. Re1 Qf5 24. hxg6 hxg6 25. Qh4 e6 26. Re3
Qf1+ 27. Kh2 Qf7 28. Rh3 Qg7 29. Bh6 Qh7 30. Bxf8 Qxh4 31. Rxh4 Nxf8 32. Rf4
Nd7 33. Kg3 Kg7 34. Kf3 c5 35. Ke4 cxd4 36. cxd4 1-0

[Event "I Festival Capo d'Orso"]
[Site "Portomannu - Palau ITA"]
[Date "2007.05.23"]
[Round "5"]
[White "Ortega, Lexy"]
[Black "Baldi, Giancarlo"]
[Result "1-0"]
[WhiteElo "2425"]
[BlackElo "1678"]
[PlyCount "59"]
[EventDate "2007.05.19"]

1. d4 Nf6 2. Nf3 g6 3. Nc3 d5 4. Bf4 c6 5. e3 Bg7 6. Be2 Nbd7 7. Ne5 e6 8. Qd2
Ne4 9. Nxe4 dxe4 10. Nc4 O-O 11. h4 b6 12. Nd6 e5 13. dxe5 Nxe5 14. Nxe4 Qxd2+
15. Nxd2 Bf5 16. O-O-O h6 17. Nc4 Nxc4 18. Bxc4 Rfe8 19. Rd6 b5 20. Bb3 Rac8
21. f3 Bf8 22. Rf6 Be6 23. Bxe6 Rxe6 24. Rxe6 fxe6 25. Rd1 a5 26. Rd7 Ra8 27.
Bd6 Rc8 28. Bxf8 Kxf8 29. Rh7 h5 30. Rh8+ 1-0

[Event "I Festival Capo d'Orso"]
[Site "Portomannu - Palau ITA"]
[Date "2007.05.23"]
[Round "5"]
[White "Popa, Claudiu"]
[Black "Trifoni, Giorgio"]
[Result "1-0"]
[WhiteElo "2167"]
[BlackElo "1661"]
[PlyCount "27"]
[EventDate "2007.05.19"]

1. e4 c5 2. c3 Nf6 3. e5 Nd5 4. d4 e6 5. Nf3 b6 6. Nbd2 Bb7 7. Ne4 d6 8. Bb5+
Bc6 9. Bxc6+ Nxc6 10. exd6 cxd4 11. Nxd4 Ne5 12. O-O Bxd6 13. Qa4+ Kf8 14. Bg5
1-0